Network security for windows, unix and linux networks : hack attacks denied (Record no. 203234)

MARC details
000 -LEADER
fixed length control field 00514nam a2200169Ia 4500
008 - FIXED-LENGTH DATA ELEMENTS--GENERAL INFORMATION
fixed length control field 231221s9999 xx 000 0 und d
041 ## - LANGUAGE CODE
Language code of text/sound track or separate title English
082 ## - DEWEY DECIMAL CLASSIFICATION NUMBER
Classification number 001.64404 CHI1;
100 ## - MAIN ENTRY--PERSONAL NAME
Personal name Chirillo, John
245 #0 - TITLE STATEMENT
Title Network security for windows, unix and linux networks : hack attacks denied
250 ## - EDITION STATEMENT
Edition statement 1st ed.
260 ## - PUBLICATION, DISTRIBUTION, ETC.
Date of publication, distribution, etc. 2002
Name of publisher, distributor, etc. Wiley Dream Tech India Ltd,
Place of publication, distribution, etc. New Delhi
300 ## - PHYSICAL DESCRIPTION
Extent xi+689
300 ## - PHYSICAL DESCRIPTION
Dimensions 36662
650 ## - SUBJECT ADDED ENTRY--TOPICAL TERM
Topical term or geographic name entry element Network,windows,,unix,linux,networks,:,hack,attacks,denied
942 ## - ADDED ENTRY ELEMENTS (KOHA)
Koha item type Compact Disks
Holdings
Date last seen Total checkouts Full call number Accession number Price effective from Category Lost status Damaged status Department Withdrawn status Home library Current library Shelving location Entry date Vendor Grants Billnumber Billdate Currency symbol Conversion rate Discount Old discount
26/01/2024   001.64404 CHI1; CD2200 26/01/2024 Compact Disks     Central Library   Central Library Central Library Central Library   Sapna Book House IS 27804 28/10/2009 RS 1   20
26/01/2024   001.64404 CHI1; CD2201 26/01/2024 Compact Disks     Central Library   Central Library Central Library Central Library   Sapna Book House IS 27804 28/10/2009 RS 1   20

© For any Suggestions or Query, please contact the library staff @ librarian@pes.edu or Phone: +9180 2672 1983/ 2108.